[Event "BCF-chT4S 1819 (4NCL)"]
[Site "England"]
[Date "2019.01.12"]
[Round "3.208"]
[White "Carter, Gavin"]
[Black "Rayner, Hugo"]
[Result "0-1"]
[WhiteElo "1452"]
[BlackElo "1622"]
[PlyCount "90"]
[EventDate "2018.11.17"]
[EventType "team-swiss"]
[EventRounds "11"]
[EventCountry "ENG"]
[SourceTitle "EXT 2021"]
[Source "ChessBase"]
[SourceDate "2020.10.23"]
[SourceVersion "1"]
[SourceVersionDate "2020.10.23"]
[SourceQuality "1"]
[WhiteTeam "Barnet Knights II"]
[BlackTeam "Oxford IV"]
[WhiteTeamCountry "ENG"]
[BlackTeamCountry "ENG"]

1. c4 Nf6 2. Nc3 g6 3. g3 Bg7 4. Bg2 c5 5. Nf3 0-0 6. 0-0 d5 7. Nxd5 Nxd5 8. cxd5 Qxd5 9. d3 Nc6 10. Nd2 Qd7 11. Nc4 b6 12. Bd2 Bb7 13. Bc3 Rab8 14. f4 Rfd8 15. Bxg7 Kxg7 16. Qd2 Qd4+ 17. Kh1 Qxc4 18. Qc3+ Qxc3 19. bxc3 e6 20. Kg1 Ne7 21. g4 Bxg2 22. Kxg2 Nd5 23. Rfc1 Nxf4+ 24. Kf3 Nd5 25. Rc2 Ne7 26. Rac1 Rbc8 27. Rb1 Rc7 28. Rbc1 Nc6 29. Kf4 Kf6 30. g5+ Kg7 31. h4 Rd5 32. Rd2 Rcd7 33. Rh1 Rf5+ 34. Kg3 Ne5 35. d4 cxd4 36. cxd4 Nc4 37. Rd3 Ra5 38. Ra1 Ra3 39. Rxa3 Nxa3 40. Rd1 Nc2 41. Rd2 Nxd4 42. Kf2 Rd8 43. e3 Nc6 44. Rc2 Ne5 45. Rc7 Rd2+ 0-1

[Event "BCF-chT4S 1819 (4NCL)"]
[Site "England"]
[Date "2018.11.18"]
[Round "2.154"]
[White "Cook, Brian"]
[Black "Carter, Gavin"]
[Result "1-0"]
[WhiteElo "1628"]
[BlackElo "1452"]
[PlyCount "141"]
[EventDate "2018.11.17"]
[EventType "team-swiss"]
[EventRounds "11"]
[EventCountry "ENG"]
[SourceTitle "EXT 2021"]
[Source "ChessBase"]
[SourceDate "2020.10.23"]
[SourceVersion "1"]
[SourceVersionDate "2020.10.23"]
[SourceQuality "1"]
[WhiteTeam "Check Innmates III"]
[BlackTeam "Barnet Knights III"]
[WhiteTeamCountry "ENG"]
[BlackTeamCountry "ENG"]

1. Nc3 Nf6 2. Nf3 Nc6 3. g3 b6 4. Bg2 Bb7 5. d4 d5 6. 0-0 g6 7. a3 Bg7 8. Bf4 a6 9. Re1 Ne4 10. Qd3 Na5 11. Nd2 Nf6 12. e4 0-0 13. e5 Nh5 14. Bg5 f6 15. exf6 exf6 16. Be3 f5 17. b4 f4 18. Bxf4 Nxf4 19. gxf4 Nc4 20. Nxc4 dxc4 21. Qxc4+ Kh8 22. Bxb7 Ra7 23. Qd5 Qxd5 24. Bxd5 Bxd4 25. Ne2 Bxa1 26. Rxa1 Rf6 27. Bc4 a5 28. b5 c6 29. Rd1 cxb5 30. Bxb5 Rc7 31. Rd8+ Kg7 32. Bd3 Kh6 33. Kg2 Re7 34. Kg3 Rfe6 35. Kf3 Rf6 36. Rd5 Rc7 37. Re5 Rc8 38. Kg4 Rc5 39. f3 Rc8 40. h4 Rg8 41. h5 gxh5+ 42. Kh4 Rg2 43. Rxh5+ Kg7 44. Rxh7+ Kg8 45. Rh5 Rh2+ 46. Kg5 Rxh5+ 47. Kxh5 Kg7 48. f5 Rh6+ 49. Kg5 Rh1 50. f6+ Kf7 51. Nc3 Re1 52. f4 Rg1+ 53. Kf5 Rh1 54. Bc4+ Kf8 55. a4 Rh2 56. Bb3 Rh5+ 57. Kg6 Rc5 58. Ne4 Rc8 59. Ng5 Rc3 60. Nh7+ Ke8 61. f7+ Kd7 62. f8Q Rg3+ 63. Ng5 Rc3 64. Qf5+ Ke8 65. Qe5+ Kd7 66. Qxc3 Kd6 67. Nf7+ Kd7 68. Qd4+ Kc6 69. Qd6+ Kb7 70. Nd8+ Ka7 71. Qc7+ 1-0

[Event "BCF-chT4S 1617 (4NCL)"]
[Site "England"]
[Date "2017.05.01"]
[Round "11.94"]
[White "Tarr, Steve"]
[Black "Carter, Gavin"]
[Result "1-0"]
[WhiteElo "1840"]
[BlackElo "1277"]
[PlyCount "41"]
[EventDate "2016.11.26"]
[EventType "team-swiss"]
[EventRounds "11"]
[EventCountry "ENG"]
[SourceTitle "EXT 2019"]
[Source "ChessBase"]
[SourceDate "2018.10.10"]
[SourceVersion "1"]
[SourceVersionDate "2018.10.10"]
[SourceQuality "1"]
[WhiteTeam "Shropshire II"]
[BlackTeam "Barnet Knights III"]
[WhiteTeamCountry "ENG"]
[BlackTeamCountry "ENG"]

1. d4 Nf6 2. Bf4 e6 3. e3 a6 4. Bd3 c5 5. c3 d5 6. Nd2 cxd4 7. exd4 Bd6 8. Bg3 Bxg3 9. hxg3 Nc6 10. Ngf3 Ne4 11. Nxe4 dxe4 12. Bxe4 f5 13. Bxc6+ bxc6 14. Ne5 Qc7 15. Qh5+ Ke7 16. Qf7+ Kd6 17. Nc4+ Kd5 18. Qxc7 Bb7 19. Nb6+ Ke4 20. Qe5+ Kd3 21. 0-0-0# 1-0

[Event "BCF-chT4S 1617 (4NCL)"]
[Site "England"]
[Date "2017.03.18"]
[Round "7.114"]
[White "Carter, Gavin"]
[Black "Vaidya, Raghav"]
[Result "0-1"]
[WhiteElo "1277"]
[BlackElo "1372"]
[PlyCount "98"]
[EventDate "2016.11.26"]
[EventType "team-swiss"]
[EventRounds "11"]
[EventCountry "ENG"]
[SourceTitle "EXT 2019"]
[Source "ChessBase"]
[SourceDate "2018.10.10"]
[SourceVersion "1"]
[SourceVersionDate "2018.10.10"]
[SourceQuality "1"]
[WhiteTeam "Barnet Knights IV"]
[BlackTeam "Barnet Knights III"]
[WhiteTeamCountry "ENG"]
[BlackTeamCountry "ENG"]

1. e4 c5 2. c3 d5 3. exd5 e6 4. dxe6 Bxe6 5. Nf3 Nf6 6. d4 cxd4 7. Nxd4 a6 8. Be3 Bc5 9. Nd2 Bxd4 10. Bxd4 Nc6 11. Bc5 b6 12. Ba3 a5 13. Bb5 Qd5 14. Bxc6+ Qxc6 15. 0-0 Rd8 16. Qc2 b5 17. b4 a4 18. Rfe1 0-0 19. Bb2 Bd5 20. f3 Rfe8 21. a3 Qb6+ 22. Kf1 Qc6 23. Qf5 Qd6 24. g3 Be6 25. Qf4 Qxf4 26. gxf4 Rxd2 27. Rab1 Bc4+ 28. Kg1 Rxe1+ 29. Rxe1 Rxb2 30. Re7 Kf8 31. Rb7 Rb3 32. Kf2 Rxa3 33. Ke3 Rxc3+ 34. Kd4 Rxf3 35. Ke5 a3 36. Kd6 g6 37. Rb8+ Kg7 38. Ke5 a2 39. Ra8 Rf1 40. Rxa2 Bxa2 41. h3 Rb1 42. f5 Rxb4 43. fxg6 Rc4 44. gxf7 Kxf7 45. h4 b4 46. Kf5 b3 47. Kg5 b2 48. h5 b1Q 49. h6 Qg6# 0-1